[Event "GER-chT Christmas U20 Girls"]
[Site "Playchess.com INT"]
[Date "2020.12.29"]
[Round "3.2"]
[White "Bobkova, Mariya"]
[Black "Schulz, Hannah"]
[Result "0-1"]
[WhiteElo "842"]
[BlackElo "1539"]
[PlyCount "80"]
[EventDate "2020.12.29"]
[EventType "team-swiss (blitz)"]
[EventRounds "7"]
[EventCountry "GER"]
[SourceTitle "CBM 200 Extra"]
[Source "ChessBase"]
[SourceDate "2021.03.31"]
[SourceVersion "1"]
[SourceVersionDate "2021.03.31"]
[SourceQuality "1"]
[WhiteTeam "Garching II"]
[BlackTeam "Karlsruhe"]
[WhiteTeamCountry "GER"]
[BlackTeamCountry "GER"]

1. e4 c6 2. Bc4 d5 3. exd5 cxd5 4. Bb5+ Nc6 5. Nf3 Nf6 6. 0-0 g6 7. d4 Bg7 8. Bf4 0-0 9. Bxc6 bxc6 10. Nc3 Qb6 11. Re1 Qxb2 12. Rb1 Qxc3 13. Rxe7 Bf5 14. Re3 Qxc2 15. Be5 Qxb1 16. Qxb1 Bxb1 17. h3 Bxa2 18. Ng5 a5 19. Rf3 Ne4 20. Ra3 Nxg5 21. Bxg7 Kxg7 22. Rxa2 Ne4 23. f3 Nc3 24. Rc2 a4 25. Rxc3 a3 26. Rc1 a2 27. Ra1 Rfb8 28. Kh2 Rb1 29. Rxa2 Rxa2 30. h4 Rbb2 31. Kg3 Rxg2+ 32. Kf4 Ra3 33. Ke5 Rxf3 34. Kd6 Rf6+ 35. Kc5 Rc2+ 36. Kb6 c5+ 37. Kb5 cxd4 38. Kb4 Rb6+ 39. Ka3 Rcb2 40. Ka4 Ra6# 0-1

[Event "GER-ch U14 Girls"]
[Site "Willingen"]
[Date "2020.10.23"]
[Round "6"]
[White "Schulz, Hannah"]
[Black "Deak Sala, Emilia"]
[Result "1-0"]
[WhiteElo "1589"]
[BlackElo "1641"]
[PlyCount "171"]
[EventDate "2020.10.19"]
[EventType "swiss"]
[EventRounds "7"]
[EventCountry "GER"]
[SourceTitle "EXT 2022"]
[Source "ChessBase"]
[SourceDate "2021.10.06"]
[SourceVersion "1"]
[SourceVersionDate "2021.10.06"]
[SourceQuality "1"]

1. e4 c5 2. Nf3 a6 3. c3 e6 4. d4 d5 5. e5 Bd7 6. Bd3 cxd4 7. cxd4 Bb5 8. Bc2 Ne7 9. Nc3 Qc7 10. a4 Bd7 11. 0-0 Nbc6 12. Bd2 f6 13. Re1 f5 14. Ne2 h6 15. b4 Na7 16. Qb1 b6 17. Rc1 Qb7 18. Bd3 g5 19. Ra2 Rc8 20. Rxc8+ Nexc8 21. b5 a5 22. Rc2 Be7 23. Qc1 Bd8 24. Ng3 0-0 25. Nh5 Be8 26. Nf6+ Bxf6 27. exf6 Qf7 28. Rxc8 Nxc8 29. Qxc8 Bxb5 30. Qc2 Bxd3 31. Qxd3 Qxf6 32. Qb5 Qd8 33. Ne5 Qc7 34. Qd7 Qxd7 35. Nxd7 Rc8 36. Nxb6 Rc2 37. Be1 Rc1 38. Kf1 Rd1 39. Ke2 Rxd4 40. Bxa5 Kf7 41. Bc3 Re4+ 42. Kd3 f4 43. a5 f3 44. gxf3 Rf4 45. Bd2 Rxf3+ 46. Be3 Kg6 47. a6 Rf7 48. Na4 Rf8 49. a7 Ra8 50. Nc3 Kf5 51. Nb5 Rd8 52. Bb6 Rg8 53. Nd4+ Kf6 54. Nc6 Ra8 55. Bc7 h5 56. Kd4 Kf5 57. Bb8 Kg4 58. Ne5+ Kh3 59. Nf3 g4 60. Ng5+ Kg2 61. Nxe6 Kxf2 62. Nf4 Kg1 63. Nxh5 Rxa7 64. Bxa7 Kxh2 65. Bb8+ Kg2 66. Kxd5 Kf3 67. Kd4 g3 68. Nxg3 Kf2 69. Ke4 Kg2 70. Ke3 Kg1 71. Kf3 Kh2 72. Ne2+ Kh1 73. Ba7 Kh2 74. Ng3 Kh3 75. Bg1 Kh4 76. Ne4 Kh3 77. Ng5+ Kh4 78. Kf4 Kh5 79. Kf5 Kh4 80. Bf2+ Kh5 81. Ne6 Kh6 82. Bd4 Kh5 83. Bf6 Kh6 84. Bg5+ Kh7 85. Kf6 Kh8 86. Kf7 1-0

[Event "GER-chT Lands U20"]
[Site "Berlin"]
[Date "2020.09.30"]
[Round "1.2"]
[White "Schulz, Hannah"]
[Black "Bardorz, Jana"]
[Result "0-1"]
[WhiteElo "1589"]
[BlackElo "1960"]
[PlyCount "40"]
[EventDate "2020.09.29"]
[EventType "team-swiss"]
[EventRounds "7"]
[EventCountry "GER"]
[SourceTitle "CBM 198 Extra"]
[Source "ChessBase"]
[SourceDate "2020.11.30"]
[SourceVersion "1"]
[SourceVersionDate "2020.11.30"]
[SourceQuality "1"]
[WhiteTeam "Baden U20"]
[BlackTeam "Bayern U20"]
[WhiteTeamCountry "GER"]
[BlackTeamCountry "GER"]

1. e4 e5 2. Nf3 Nc6 3. Bc4 Bc5 4. 0-0 Nf6 5. d4 Bxd4 6. Nxd4 Nxd4 7. f4 d6 8. fxe5 dxe5 9. Bg5 Qe7 10. Bxf6 gxf6 11. c3 Ne6 12. Na3 Bd7 13. Rf2 0-0-0 14. Qf3 Nf4 15. Qe3 Kb8 16. b4 Rhg8 17. Kh1 f5 18. exf5 Bc6 19. Rg1 Nxg2 20. Rfxg2 Rxg2 0-1

[Event "GER-chT U14 Girls"]
[Site "Neumuenster"]
[Date "2019.12.29"]
[Round "6.6"]
[White "Schulz, Hannah"]
[Black "Stepanjan, Marianne"]
[Result "1/2-1/2"]
[WhiteElo "1588"]
[BlackElo "1414"]
[PlyCount "47"]
[EventDate "2019.12.27"]
[EventType "team-swiss"]
[EventRounds "7"]
[EventCountry "GER"]
[SourceTitle "CBM 194 Extra"]
[Source "ChessBase"]
[SourceDate "2020.03.31"]
[SourceVersion "1"]
[SourceVersionDate "2020.03.31"]
[SourceQuality "1"]
[WhiteTeam "Karlsruhe SF"]
[BlackTeam "Harksheide"]
[WhiteTeamCountry "GER"]
[BlackTeamCountry "GER"]

1. e4 g6 2. d4 Bg7 3. Nf3 e6 4. c4 d6 5. Nc3 Ne7 6. Be2 b6 7. 0-0 0-0 8. Be3 Bb7 9. Qd2 Nd7 10. Bh6 Rc8 11. Bxg7 Kxg7 12. Rac1 c5 13. b3 h6 14. d5 Nf6 15. Bd3 a6 16. Rfe1 Rb8 17. Rb1 Bc8 18. Qc2 Qe8 19. dxe6 Bxe6 20. e5 dxe5 21. Nxe5 Qc8 22. Nf3 Nc6 23. a3 Bg4 24. Ne5 1/2-1/2

[Event "GER-chT U14 Girls"]
[Site "Neumuenster"]
[Date "2019.12.28"]
[Round "4.4"]
[White "Alferova, Emily"]
[Black "Schulz, Hannah"]
[Result "0-1"]
[WhiteElo "1352"]
[BlackElo "1588"]
[PlyCount "94"]
[EventDate "2019.12.27"]
[EventType "team-swiss"]
[EventRounds "7"]
[EventCountry "GER"]
[SourceTitle "CBM 194 Extra"]
[Source "ChessBase"]
[SourceDate "2020.03.31"]
[SourceVersion "1"]
[SourceVersionDate "2020.03.31"]
[SourceQuality "1"]
[WhiteTeam "Garching"]
[BlackTeam "Karlsruhe SF"]
[WhiteTeamCountry "GER"]
[BlackTeamCountry "GER"]

1. e4 c6 2. d4 d5 3. exd5 cxd5 4. Bd3 Nc6 5. c3 g6 6. Bf4 Nf6 7. Nd2 Bg7 8. Ngf3 0-0 9. h3 a5 10. 0-0 Bf5 11. Qc2 Qd7 12. Bxf5 gxf5 13. Be5 Ne4 14. Bxg7 Kxg7 15. Nxe4 fxe4 16. Nh2 Kh8 17. Rae1 Rg8 18. Re3 Rg7 19. f4 Rag8 20. Ng4 f5 21. Ne5 Rxg2+ 22. Qxg2 Rxg2+ 23. Kxg2 Nxe5 24. fxe5 e6 25. Rg3 Qf7 26. Rf4 Qh5 27. b3 Qe2+ 28. Rf2 Qe1 29. Rf1 Qd2+ 30. Rf2 Qc1 31. Rf1 Qa3 32. Rf2 b5 33. Kh2 Qf8 34. Kg1 f4 35. Kf1 f3 36. Kg1 Qa3 37. Rc2 Qf8 38. Rf2 Qf4 39. Kh2 Qc1 40. Rg1 Qxc3 41. Rd1 Qe3 42. Kg3 Qg5+ 43. Kh2 Qf4+ 44. Kh1 e3 45. Rc2 f2 46. Rc8+ Kg7 47. Rc7+ Kg6 0-1

[Event "Youth District Germany"]
[Site "Wuerzburg"]
[Date "2018.10.03"]
[Round "2.8"]
[White "Nguyen, Jenny Ha Linh"]
[Black "Schulz, Hannah"]
[Result "0-1"]
[WhiteElo "1230"]
[BlackElo "1527"]
[PlyCount "66"]
[EventDate "2018.10.02"]
[EventType "team-swiss"]
[EventRounds "7"]
[EventCountry "GER"]
[SourceTitle "CBM 186 Extra"]
[Source "ChessBase"]
[SourceDate "2018.08.24"]
[SourceVersion "1"]
[SourceVersionDate "2018.08.24"]
[SourceQuality "1"]
[WhiteTeam "Sachsen U20 II"]
[BlackTeam "Baden U20"]
[WhiteTeamCountry "GER"]
[BlackTeamCountry "GER"]

1. e4 c6 2. d4 d5 3. exd5 cxd5 4. c4 Nc6 5. Nf3 Bg4 6. Be2 Nf6 7. Nc3 g6 8. 0-0 Bg7 9. Be3 0-0 10. h3 Be6 11. cxd5 Nxd5 12. Rc1 Nxc3 13. Rxc3 Nb4 14. a3 Nd5 15. Rc1 Qb6 16. Qd2 Nxe3 17. fxe3 Rad8 18. Bd3 Bh6 19. Qe2 Bd7 20. Bc4 Bf5 21. Qf2 Be6 22. Bxe6 Qxe6 23. Rfe1 Rc8 24. Rcd1 Qb3 25. Rd2 Rc7 26. Rde2 Rfc8 27. Ne5 f6 28. Nf3 Rc2 29. Rxc2 Rxc2 30. Qf1 Rxb2 31. e4 Be3+ 32. Kh1 Rf2 33. Qg1 Rxf3 0-1

[Event "GER-ch U12 Girls"]
[Site "Willingen"]
[Date "2018.05.26"]
[Round "11"]
[White "Hentschel, Lena"]
[Black "Schulz, Hannah"]
[Result "1/2-1/2"]
[WhiteElo "1391"]
[BlackElo "1469"]
[PlyCount "150"]
[EventDate "2018.05.19"]
[EventType "swiss"]
[EventRounds "11"]
[EventCountry "GER"]
[SourceTitle "CBM 184 Extra"]
[Source "ChessBase"]
[SourceDate "2018.06.28"]
[SourceVersion "1"]
[SourceVersionDate "2018.06.28"]
[SourceQuality "1"]

1. d4 d5 2. Bf4 Nf6 3. Nf3 c5 4. e3 Nc6 5. c3 Qb6 6. Qc2 g6 7. Nbd2 Bf5 8. Qc1 c4 9. h3 Bg7 10. Be2 0-0 11. 0-0 a5 12. Re1 Nd8 13. Bd1 Ne6 14. Be5 Nc7 15. Bc2 Nce8 16. e4 Be6 17. exd5 Bxd5 18. Be4 Nxe4 19. Nxe4 Qc6 20. Bxg7 Nxg7 21. Qe3 Nf5 22. Qe2 f6 23. Nfd2 a4 24. f3 a3 25. b3 cxb3 26. axb3 Rfe8 27. Qd3 Nd6 28. Nxd6 Qxd6 29. c4 Bc6 30. Ne4 Bxe4 31. Qxe4 Qc6 32. Qxc6 bxc6 33. Re6 Red8 34. Ra2 Rxd4 35. Rxc6 Rd1+ 36. Kf2 Rb1 37. Re6 Rb2+ 38. Re2 Rxe2+ 39. Kxe2 Kf7 40. Kd3 Ke6 41. b4 Ke5 42. g3 g5 43. Kc3 f5 44. Kb3 Kd4 45. Rxa3 Rxa3+ 46. Kxa3 Kxc4 47. Ka4 e5 48. b5 e4 49. fxe4 fxe4 50. b6 e3 51. b7 e2 52. b8Q e1Q 53. Qb5+ Kd4 54. Qd7+ Ke3 55. Qe6+ Kf2 56. Qf5+ Kg2 57. Qd5+ Kh2 58. Qxg5 Qe4+ 59. Kb5 Qd3+ 60. Kb4 Qd6+ 61. Kc4 Qe6+ 62. Kd4 Qd6+ 63. Ke4 Qb4+ 64. Kf5 Qc5+ 65. Kg4 Qd4+ 66. Qf4 Qd7+ 67. Qf5 h5+ 68. Kf4 Qxf5+ 69. Kxf5 Kxg3 70. Ke4 Kxh3 71. Kf3 h4 72. Kf2 Kh2 73. Kf1 Kg3 74. Kg1 h3 75. Kh1 h2 1/2-1/2

[Event "GER-ch U12 Girls"]
[Site "Willingen"]
[Date "2018.05.25"]
[Round "10"]
[White "Schulz, Hannah"]
[Black "Becker, Linda"]
[Result "1-0"]
[WhiteElo "1469"]
[BlackElo "1641"]
[PlyCount "55"]
[EventDate "2018.05.19"]
[EventType "swiss"]
[EventRounds "11"]
[EventCountry "GER"]
[SourceTitle "CBM 184 Extra"]
[Source "ChessBase"]
[SourceDate "2018.06.28"]
[SourceVersion "1"]
[SourceVersionDate "2018.06.28"]
[SourceQuality "1"]

1. e4 e6 2. d4 d5 3. Nd2 h6 4. c3 Nf6 5. e5 Nfd7 6. Bd3 c5 7. Ne2 Nc6 8. Nf3 Be7 9. 0-0 g5 10. Be3 g4 11. Ne1 h5 12. g3 h4 13. Ng2 hxg3 14. fxg3 c4 15. Bc2 Nf8 16. Nef4 Rg8 17. Bd2 f6 18. exf6 Bxf6 19. Ne3 Ke7 20. Nxg4 Bg5 21. Ng6+ Rxg6 22. Bxg6 Bxd2 23. Qxd2 Nxg6 24. Qg5+ Kd7 25. Qxg6 Kc7 26. Rf7+ Kb8 27. Raf1 Ne7 28. Qf6 1-0

[Event "GER-ch U12 Girls"]
[Site "Willingen"]
[Date "2018.05.23"]
[Round "6"]
[White "Schulz, Hannah"]
[Black "Schneider, Anna"]
[Result "0-1"]
[WhiteElo "1469"]
[BlackElo "1494"]
[PlyCount "50"]
[EventDate "2018.05.19"]
[EventType "swiss"]
[EventRounds "11"]
[EventCountry "GER"]
[SourceTitle "CBM 184 Extra"]
[Source "ChessBase"]
[SourceDate "2018.06.28"]
[SourceVersion "1"]
[SourceVersionDate "2018.06.28"]
[SourceQuality "1"]

1. e4 e5 2. Nf3 Nc6 3. Bc4 Bc5 4. 0-0 Nf6 5. d4 Bxd4 6. Nxd4 Nxd4 7. f4 d6 8. fxe5 dxe5 9. Bg5 h6 10. Bh4 Qe7 11. Na3 Be6 12. c3 g5 13. Bg3 Nc6 14. Qb3 0-0-0 15. Bxe6+ fxe6 16. Rae1 h5 17. h3 h4 18. Bh2 g4 19. Kh1 gxh3 20. gxh3 Rhg8 21. Rg1 Rxg1+ 22. Bxg1 Nh5 23. Bf2 Qf6 24. Bxh4 Qf3+ 25. Kh2 Rd2+ 0-1

[Event "GER-ch U12 Girls"]
[Site "Willingen"]
[Date "2018.05.20"]
[Round "1"]
[White "Mueller, Alina"]
[Black "Schulz, Hannah"]
[Result "0-1"]
[WhiteElo "1208"]
[BlackElo "1469"]
[PlyCount "83"]
[EventDate "2018.05.19"]
[EventType "swiss"]
[EventRounds "11"]
[EventCountry "GER"]
[SourceTitle "CBM 184 Extra"]
[Source "ChessBase"]
[SourceDate "2018.06.28"]
[SourceVersion "1"]
[SourceVersionDate "2018.06.28"]
[SourceQuality "1"]

1. d4 d5 2. Nf3 c5 3. c3 Nc6 4. e3 Bg4 5. Nbd2 Nf6 6. h3 Bh5 7. g4 Bg6 8. Nh4 Be4 9. f3 Bg6 10. Nxg6 hxg6 11. Bg2 Qc7 12. f4 e6 13. g5 Nh5 14. Qf3 cxd4 15. cxd4 Nb4 16. 0-0 0-0-0 17. a3 Nc6 18. b4 Kb8 19. Bb2 Ne7 20. Rfc1 Qd7 21. Rc2 Rc8 22. Rac1 Rxc2 23. Rxc2 Nf5 24. Nf1 Qa4 25. Qd1 Qb5 26. Qc1 Bd6 27. Qe1 Rc8 28. Qc1 Rxc2 29. Qxc2 Nhg3 30. Nxg3 Nxg3 31. Qf2 Nf5 32. Bf1 Qa4 33. Bc1 Qd1 34. Qd2 Qa4 35. Be2 Qe8 36. Bf3 Qh8 37. Qg2 b6 38. e4 dxe4 39. Bxe4 Qh4 40. Qf1 Ng3 41. Bd3 Nxf1 42. Bxf1 0-1

[Event "GER-ch U12 Girls"]
[Site "Willingen"]
[Date "2017.06.10"]
[Round "11"]
[White "Juenk, Ellen"]
[Black "Schulz, Hannah"]
[Result "0-1"]
[WhiteElo "1229"]
[BlackElo "1218"]
[PlyCount "120"]
[EventDate "2017.06.04"]
[EventType "swiss"]
[EventRounds "11"]
[EventCountry "GER"]
[SourceTitle "CBM 178 Extra"]
[Source "ChessBase"]
[SourceDate "2017.06.22"]
[SourceVersion "1"]
[SourceVersionDate "2017.06.22"]
[SourceQuality "1"]

1. e4 c6 2. d4 d5 3. Nc3 dxe4 4. Nxe4 Nf6 5. Nc3 Bg4 6. f3 Bf5 7. Bf4 Nbd7 8. Bd3 Bxd3 9. Qxd3 a6 10. Nge2 c5 11. a4 e6 12. Bg3 cxd4 13. Nxd4 Bc5 14. Nce2 0-0 15. c3 Rc8 16. b4 Bb6 17. c4 Bc7 18. c5 Bxg3+ 19. hxg3 h6 20. g4 Ne5 21. Qc3 b6 22. 0-0-0 bxc5 23. bxc5 Qe7 24. c6 Rc7 25. Kd2 Nxc6 26. Rc1 Nxd4 27. Qxc7 Nb3+ 28. Ke1 Qb4+ 29. Qc3 Nxc1 30. Kd2 Qxc3+ 31. Nxc3 Nb3+ 32. Kc2 Nd4+ 33. Kb2 Rb8+ 34. Kc1 Kf8 35. Rd1 Nb3+ 36. Kc2 Ke7 37. Rd3 Nc5 38. Rd4 Nfd7 39. Rd1 Kf6 40. a5 Ke5 41. g3 f5 42. gxf5 exf5 43. f4+ Ke6 44. Re1+ Kf6 45. Nd5+ Kg6 46. Rh1 Re8 47. Kd2 Ne4+ 48. Kc2 Nxg3 49. Rg1 Re2+ 50. Kd1 Kf7 51. Rxg3 Re4 52. Rf3 Rd4+ 53. Ke2 Rxd5 54. Rc3 g5 55. Kf3 g4+ 56. Kg3 h5 57. Kh4 Kg6 58. Ra3 Rd1 59. Kg3 Rg1+ 60. Kh4 Rh1+ 0-1

[Event "GER-ch U12 Girls"]
[Site "Willingen"]
[Date "2017.06.08"]
[Round "8"]
[White "Schulz, Hannah"]
[Black "Gossing, Marie Sophie"]
[Result "1-0"]
[WhiteElo "1218"]
[BlackElo "1033"]
[PlyCount "55"]
[EventDate "2017.06.04"]
[EventType "swiss"]
[EventRounds "11"]
[EventCountry "GER"]
[SourceTitle "CBM 178 Extra"]
[Source "ChessBase"]
[SourceDate "2017.06.22"]
[SourceVersion "1"]
[SourceVersionDate "2017.06.22"]
[SourceQuality "1"]

1. e4 e5 2. Nf3 Nf6 3. Nc3 Bb4 4. a3 Bxc3 5. dxc3 Nxe4 6. Qd5 Nf6 7. Qxe5+ Qe7 8. Qxe7+ Kxe7 9. Be3 Re8 10. 0-0-0 Kf8 11. h3 d5 12. c4 c6 13. cxd5 Nxd5 14. Bc5+ Kg8 15. g3 Bf5 16. Bc4 Na6 17. Bxa6 bxa6 18. Nd4 Be4 19. f3 Bxc2 20. Nxc2 Re6 21. Rhe1 Rf6 22. Rd3 Rg6 23. f4 Rh6 24. h4 Nb6 25. Red1 g6 26. Rd8+ Rxd8 27. Rxd8+ Kg7 28. Bf8+ 1-0

[Event "GER-ch U12 Girls"]
[Site "Willingen"]
[Date "2017.06.06"]
[Round "5"]
[White "Schulz, Hannah"]
[Black "Becker, Linda"]
[Result "0-1"]
[WhiteElo "1218"]
[BlackElo "1142"]
[PlyCount "80"]
[EventDate "2017.06.04"]
[EventType "swiss"]
[EventRounds "11"]
[EventCountry "GER"]
[SourceTitle "CBM 178 Extra"]
[Source "ChessBase"]
[SourceDate "2017.06.22"]
[SourceVersion "1"]
[SourceVersionDate "2017.06.22"]
[SourceQuality "1"]

1. e4 e6 2. d4 d5 3. Nd2 Be7 4. Ngf3 Nf6 5. e5 Nfd7 6. c3 c5 7. b3 b6 8. Bb5 Bb7 9. 0-0 0-0 10. Bb2 Nc6 11. Re1 Bg5 12. Qc2 Re8 13. Bd3 Nf8 14. Bb5 Ng6 15. a3 Nh4 16. Nxh4 Bxh4 17. Nf3 Be7 18. Bd3 g6 19. Bc1 Bf8 20. Bg5 Be7 21. Bh6 Bf8 22. Qd2 Ne7 23. Bg5 Qc7 24. Bf6 Bg7 25. Bg5 Kh8 26. Bf4 Qc8 27. Ng5 Rf8 28. Nh3 f6 29. exf6 Bxf6 30. Ng5 Bxg5 31. Bxg5 Nf5 32. Re5 Qc6 33. Rae1 Rae8 34. Ra1 cxd4 35. cxd4 Nxd4 36. Rb1 Nf5 37. a4 Qd6 38. Ree1 d4 39. Bf4 Qc6 40. Bb5 Qxg2# 0-1